Niektoré otvorené otázky daňovej sústavy vo vzťahu k príjmovej stránke štátneho rozpočtu
Proces tvorby a novelizácie daňových zákonov a nadväznosť na priebeh a postup ekonomickej reformy. Dane ako jeden z primárnych zdrojov napĺňania príjmovej časti štátneho rozpočtu. Nástroje zvyšovania daňového výnosu. Otázky optimálneho spôsobu zvyšovania daňových výnosov a vytváranie ideálnej podnik...
Gespeichert in:
| 1. Verfasser: | |
|---|---|
| Format: | Buchkapitel |
| Sprache: | Slowakisch |
| Schlagworte: | |
| Tags: |
Keine Tags, Fügen Sie das erste Tag hinzu!
|
MARC
| LEADER | 00000naa a2200000 4500 | ||
|---|---|---|---|
| 001 | r025593 | ||
| 005 | 20240502083120.7 | ||
| 041 | 0 | |a slo | |
| 044 | |a CZ | ||
| 245 | 1 | 0 | |a Niektoré otvorené otázky daňovej sústavy vo vzťahu k príjmovej stránke štátneho rozpočtu |c Anna Schultzová |
| 520 | |a Proces tvorby a novelizácie daňových zákonov a nadväznosť na priebeh a postup ekonomickej reformy. Dane ako jeden z primárnych zdrojov napĺňania príjmovej časti štátneho rozpočtu. Nástroje zvyšovania daňového výnosu. Otázky optimálneho spôsobu zvyšovania daňových výnosov a vytváranie ideálnej podnikateľskej klímy. Dopad vysokej miery zdanenia daňových subjektov (najmä podnikateľských). Význam daňovej výchovy a prevencie. Problémy daňového inkasa štátu. Zdokonaľovanie daňovej sústavy vo vládnom programe "Aktualizácia stratégie finančnej politiky na roky 1995-1996". | ||
| 610 | 2 | 0 | |a sústava daňová |
| 610 | 2 | 0 | |a Slovensko |
| 610 | 2 | 0 | |a legislatíva |
| 610 | 2 | 0 | |a politika daňová |
| 610 | 2 | 0 | |a príjmy rozpočtu štátneho |
| 610 | 2 | 0 | |a dane |
| 610 | 2 | 0 | |a výnosy |
| 610 | 2 | 0 | |a inkaso |
| 610 | 2 | 0 | |a podnikatelia |
| 100 | 1 | |a Schultzová, Anna | |